Wszyscy Historyczni Władcy Polski - Statystyki

Ogólne statystyki
  • Ten quiz został rozwiązany 28 razy
  • Średni wynik to 36 z 50
Statystyki odpowiedzi
Odpowiedź % Poprawnych
Bolesław I Chrobry
100%
Bolesław III Krzywousty
95%
Kazimierz III Wielki
95%
Mieszko I
95%
Władysław II Jagiełło
95%
Mieszko II Lambert
90%
Władysław I Łokietek
90%
Zygmunt III Waza
90%
Stanisław II August Poniatowski
86%
Zygmunt I Stary
86%
Bolesław II Szczodry
81%
Jan III Sobieski
81%
Jan II Kazimierz
81%
Kazimierz I Odnowiciel
81%
Kazimierz IV Jagiellończyk
81%
Stefan I Batory
81%
Władysław III Warneńczyk
81%
August II Mocny
76%
Bolesław IV Kędzierzawy
76%
Jadwiga I Andegaweńska
76%
Jan I Olbracht
76%
Konrad I Mazowiecki
76%
Stanisław I Leszczyński
76%
Władysław I Herman
76%
Zygmunt II August
76%
August III Sas
71%
Henryk I Walezy
71%
Leszek I Biały
71%
Ludwik I Węgierski
71%
Michał I Korybut Wiśniowiecki
71%
Mieszko III Stary
71%
Przemysł II
71%
Władysław II Wygnaniec
71%
Aleksander I Jagiellończyk
67%
Bezprym
67%
Wacław II
67%
Wacław III
67%
Władysław III Laskonogi
67%
Władysław IV Waza
67%
Anna Jagiellonka
62%
Kazimierz II Sprawiedliwy
62%
Leszek II Czarny
62%
Bolesław II Rogatka
57%
Bolesław V Wstydliwy
57%
Henryk I Brodaty
52%
Henryk II Pobożny
43%
Henryk IV Prawy
43%
Mieszko IV Plątonogi
43%
Bolesław Zapomniany
29%
Bolesław II Mazowiecki
24%
Nie znaleziono quizów pasujących do podanych kryteriów
Rozkład punktacji
Procent ludzi z każdym wynikiem
Percentyl według liczby udzielonych odpowiedzi
Twoja historia wyników
Nie rozwiązałeś tego quizu